Cómo construir una intranet con Windows NT Server /

Obra en que se detalla cómo preparar, construir y utilizar una intranet con Windows NT Server, así como la manera en que se abre una intranet a Internet. Contenido: Internet, intranet, extranet; Conceptos generales sobre redes locales; TCP/IP; Pasos previos a la construcción de la intranet; Construc...

תיאור מלא

שמור ב:
מידע ביבליוגרפי
מחבר ראשי: Raya Cabrera, José Luis (autor)
מחברים אחרים: Moreno Gutiérrez, José Antonio (autor) (autor), López Sastre, Antonio (autor) (autor)
פורמט: ספר
שפה:ספרדית
יצא לאור: México : Alfaomega : Computec, 1999, c1999
נושאים:
תגים: הוספת תג
אין תגיות, היה/י הראשונ/ה לתייג את הרשומה!

MARC

LEADER 00000nam^a2200000^a^4500
001 000152769
005 20250521000000.0
009 20260310100255.521
020 |a 970-15-0364-3 
037 |a Acervo ITESO - Biblioteca 
041 |a ESP 
082 |a 621. 382172  |b RAY 
100 |a Raya Cabrera, José Luis  |e (autor) 
245 1 0 |a Cómo construir una intranet con Windows NT Server /  |c J.L. Raya Cabrera, J.A. Moreno Gutiérrez, A. López Sastre. 
264 4 |a México :  |b Alfaomega :  |b Computec,  |c 1999, c1999 
300 |a XVIII, 554 p. 
336 |a texto  |b txt  |2 rdacontenido 
337 |a sin mediación  |b n  |2 rdamedio 
338 |a volumen  |b nc  |2 rdasoporte 
520 |a Obra en que se detalla cómo preparar, construir y utilizar una intranet con Windows NT Server, así como la manera en que se abre una intranet a Internet. Contenido: Internet, intranet, extranet; Conceptos generales sobre redes locales; TCP/IP; Pasos previos a la construcción de la intranet; Construcción de la intranet; Utilización de la intranet; Cómo abrir la intranet al exterior. 
649 |a XX 
650 |a Sistemas Operativos 
650 |a Protocolos de Comunicación 
650 |a Redes de Computadoras -  |x Diseño y Construcción 
650 |a Comunicación en Red 
650 |a Telecomunicaciones 
650 |a Sistemas Computacionales 
650 |a Programación (Software) 
650 |a Ingeniería Computacional 
700 |a Moreno Gutiérrez, José Antonio  |e (autor) 
700 |a López Sastre, Antonio  |e (autor) 
910 |a Fondo General 
920 |a Impresos - Libros 
930 |a Colección General 
905 |a 101 
901 |a 0500081742  |b IT1  |c ACC  |u 20250521 
902 |a https://opac.biblio.iteso.mx/vufind/Record/000152769